Statystyki dla Godła/herby losowych państw

Kliknij tutaj aby rozwiązać quiz!

Ogólne statystyki

  • Ten quiz został rozwiązany 35 razy
  • Średni wynik to 12 z 16

Statystyki odpowiedzi

Odpowiedź% Poprawnych
Chiny
100%
Meksyk
97%
Portugalia
97%
Ekwador
94%
Madagaskar
94%
Zjednoczone Emiraty Arabskie
94%
Burkina Faso
87%
Sudan
87%
Sudan Południowy
84%
Laos
77%
Bułgaria
71%
Zimbabwe
65%
Uganda
58%
Papua-Nowa Gwinea
52%
Indonezja
26%
Burundi
19%

Rozkład punktacji

Percentyl według liczby udzielonych odpowiedzi

Procent ludzi z każdym wynikiem

Twoja historia wyników

Nie rozwiązałeś tego quizu